| 000 | 00791nam a2200229Ia 4500 | ||
|---|---|---|---|
| 001 | 8822 | ||
| 003 | GE_BSU | ||
| 008 | 181216s||||||||xx |||||||||||||| ||und|| | ||
| 040 | _cGE_BSU | ||
| 080 | _a82-93 | ||
| 100 | _aკალანდაძე, ანა | ||
| 245 | _aპაწაწინა რტო ვარ | ||
| 245 | _bლექსები.უმცრ.სასკოლო ასაკის ბავშთათვის | ||
| 245 | _cრედ:შ.დარახველიძე;მხატვ:გ.ღლონტი | ||
| 260 | _aთბილისი | ||
| 260 | _bნაკადული | ||
| 260 | _c1973 | ||
| 300 | _a38გვ,17სმ.ილ. | ||
| 653 | _aლექსები | ||
| 653 | _aპაწაწინა რტო ვარ | ||
| 942 | _cBK | ||
| 999 |
_c42130 _d42130 |
||